000 00535pam a2200205 a 4500
001 970126
005 20180220094955.0
008 850708s1986 caua 001 0 eng
010 _a 85015765
020 _a0805396306
040 _aDLC
_cDLC
_dDLC
041 _aeng
080 _a540 WIL
082 0 0 _a540 WIL
_219
100 1 _a12
101 _aKIM
245 1 0 _aGeneral, organic, and biological chemistry /
_cMichael S. Matta, Antony C. Wilbraham.
906 _a7
_bcbc
_corignew
_d1
_eocip
_f19
_gy-gencatlg
942 _2ddc
_cBK
999 _c42968
_d42968